000 00519nam a22001817a 4500
003 NUST - PNEC
005 20170116180942.0
008 150907b xxu||||| |||| 00| 0 eng d
020 _a0471255157
040 _cLIBRARY
082 _a621.3678 LIL
100 _98755
_aLillesand, Thomas M.
245 _aRemote sensing and image interpretation
_c Thomas M.; Lillesand Ralph W. Keifer and Jonathan W. Chipman
250 _a4th ed.
260 _cc.2000
650 _98758
_aRemote sensing
_xMIS,EE
942 _2ddc
_cBK
999 _c66171
_d66171